000 00632cas a22002055a 4500
001 L139164
008 070723d19691972xxubr p 0 a0eng u
035 _a(Sirsi) u139164
041 1 _aeng
110 2 _aAmerican Geophysical Union
_95280
245 0 0 _aGeodesy and Aerophotography
260 _aWashington, D.C.
_bAmerican Geophysical Union
_c1969-1972
362 0 _a(1) 1969-(6) 1972
520 _aTranslation of a Russian journal.
554 _aSix per year
651 4 _aInternational
690 _aENVIRONMENTAL AND LAND CONSULTANCY-GEOMATICS
785 0 0 _tGeodesy, Mapping and Photogrammetry
_x0361-4433
942 _n0
999 _c119072
_d119072